| 000 | 00750cab a22001935a 4500 | ||
|---|---|---|---|
| 001 | L144481 | ||
| 008 | 080722s2008 xxkad f s 000 0 eng d | ||
| 035 | _a(Sirsi) u144481 | ||
| 041 | 0 | _aeng | |
| 110 | 2 |
_aAsiaProperty _95571 |
|
| 245 | 0 | 0 |
_aKey data _occupiers |
| 260 | _c2008 | ||
| 490 | 0 |
_aAsia Property _vApril 2008, 34(1) |
|
| 520 | _aReports that despite a development pipeline in most countries, industrial growth is expected to remain flat. Suggests that a one percentage point cut in Hong Kong business rates to 16.5% will attract investors to the city. Table shows prime Asian rents and yields, quarter four 2007. | ||
| 590 | _aKA | ||
| 651 | 4 | _aAsia | |
| 690 | _aPROPERTY-COMMERCIAL PROPERTY-COMMERCIAL PROPERTY MARKET | ||
| 942 | _n0 | ||
| 999 |
_c80483 _d80483 |
||